000 01021nam a22002537a 4500
003 OSt
005 20220607022209.0
008 160329b xxu||||| |||| 00| 0 eng d
010 _a 91982298
040 _aMMU
_cMMU
_dMMU
_dMMU
_beng
050 0 0 _aB20
_b.W6 1991
111 2 _aWorld Conference of Philosophy
_d(1991 :
_cNairobi, Kenya)
245 1 0 _aWorld Conference of Philosophy :
_b21st-25th July, 1991, Kenyatta International Conference Center, Nairobi, Kenya : theme: philosophy, man, and the environment : (advance volume of papers and abstracts) /
_cedited by H. Odera Oruka.
260 _a[Nairobi? :
_bs.n.,
_c1991]
300 _avi, 97 p. ;
_c25 cm.
504 _aIncludes bibliographical references.
650 0 _aPhilosophy
_xCongresses.
650 0 _aHuman beings
_xCongresses.
650 0 _aHuman ecology
_xCongresses.
700 1 _aOruka, H. Odera.
906 _a7
_bcbc
_corignew
_d3
_encip
_f19
_gy-gencatlg
942 _2lcc
_cSHORTLOAN
999 _c16806
_d16806